| 000 | 01202nam a2200241Ia 4500 | ||
|---|---|---|---|
| 999 |
_c37907 _d37907 |
||
| 001 | 3885 | ||
| 003 | GE_BSU | ||
| 005 | 20190821152009.0 | ||
| 008 | 181216s1984||||ge |||||||||||||| ||geo|| | ||
| 040 | _cGE_BSU | ||
| 041 | _ageo | ||
| 080 | _a1(479.22):1(161.1) დ–27 | ||
| 100 |
_aდედაბრიშვილი, გ. _93723 |
||
| 245 |
_aქართულ–რუსული ფილოსოფიური ურთიერთობის ისტორიიდან : _b(XVIII-XIX ს-ის I მეოთხედი) / _cრედ. სერგი ავალიანი; საქ. სსრ მეცნ. აკად. ფილოსოფიის ინ–ტი. |
||
| 264 |
_a თბ. : _bმეცნიერება, _c1984. |
||
| 300 |
_a213 გვ. ; _b21 სმ. |
||
| 520 | _a რეზ. რუს. | ||
| 653 | _aრუსული ფილოსოფიის ისტორია | ||
| 653 | _aქართული ფილოსოფიის ისტორია | ||
| 700 |
_aავალიანი, სერგი _eრედაქტორი _9356 |
||
| 710 |
_aფილოსოფიის ინ-ტი. _93724 |
||
| 942 |
_cBK _2udc |
||